[Event "Titled Tuesday intern op 13th Aug Late"]
[Site "Chess.com INT"]
[Date "2024.08.13"]
[Round "8"]
[White "Balaji, Aaravamudhan"]
[Black "Ronka, Erik"]
[Result "1-0"]
[WhiteElo "2355"]
[BlackElo "2305"]
[PlyCount "111"]
[EventDate "2024.08.13"]
[EventType "swiss (blitz)"]
[EventRounds "11"]
[EventCountry "USA"]
[SourceTitle "EXT 2025"]
[Source "ChessBase"]
[SourceDate "2024.10.14"]
[SourceVersion "1"]
[SourceVersionDate "2024.10.14"]
[SourceQuality "1"]

1. b4 e5 2. a3 d5 3. Bb2 f6 4. e3 Bd6 5. d3 Ne7 6. c4 c6 7. Nf3 0-0 8. Qb3 Kh8 9. g3 Be6 10. Bg2 Nd7 11. Nbd2 Qe8 12. 0-0 Qh5 13. Rac1 Bh3 14. cxd5 cxd5 15. e4 Bxg2 16. Kxg2 Qf7 17. exd5 Nxd5 18. Nc4 b5 19. Ncd2 N7b6 20. Rc6 Rad8 21. Kg1 Qh5 22. d4 exd4 23. Nxd4 Rfe8 24. Qf3 Qxf3 25. N2xf3 a6 26. Nf5 Bf8 27. Bd4 Nc4 28. Rxa6 Ra8 29. Rxa8 Rxa8 30. Re1 Nxa3 31. Bc5 Nxb4 32. Bxf8 Rxf8 33. Re7 g6 34. Nd6 Nc6 35. Rb7 b4 36. Rc7 Ne5 37. Nd4 Rb8 38. f4 b3 39. Nxb3 Nf3+ 40. Kg2 Rxb3 41. Ne8 Rb6 42. Kxf3 Nb5 43. Rc8 Kg8 44. Nxf6+ Kf7 45. Nxh7 Nd6 46. Ng5+ Ke7 47. Rc7+ Kd8 48. Rg7 Rb3+ 49. Kg4 Nf5 50. Rg8+ Ke7 51. Rxg6 Ne3+ 52. Kh5 Nf1 53. Re6+ Kd7 54. Re2 Rb1 55. Ne4 Rb2 56. Rxb2 1-0